Văn hóa ứng xử tuổi học trò

שמור ב:
מידע ביבליוגרפי
מחבר ראשי: Phạm, Khắc Chương
מחברים אחרים: Nguyễn, Thị Hằng
פורמט: ספר
יצא לאור: H. Thanh Niên 2009
נושאים:
תגים: הוספת תג
אין תגיות, היה/י הראשונ/ה לתייג את הרשומה!
Thư viện lưu trữ: Trung tâm Học liệu Lê Vũ Hùng, Trường Đại học Đồng Tháp
LEADER 00870pam a22002778a 4500
001 00038055
005 20171026081025.0
008 170515s2009 ||||||Viesd
041 0 # |a Vie 
082 1 4 |a 371.19  |b V115H 
100 1 # |a Phạm, Khắc Chương 
245 1 0 |a Văn hóa ứng xử tuổi học trò  |c Phạm Khắc Chương, Nguyễn Thị Hằng 
260 # # |a H.  |b Thanh Niên  |c 2009 
300 # # |a 210tr.  |c 19 cm 
653 # # |a Học sinh 
653 # # |a Giao tiếp 
653 # # |a Nguyên tắc 
653 # # |a Ứng xử 
653 # # |a Văn hóa 
700 1 # |a Nguyễn, Thị Hằng 
852 # # |b Kho mượn  |j KM.0021978 
852 # # |b Kho đọc  |j KD.0021270 
852 # # |j KD.0021270  |j KM.0021978 
910 |d 15/05/2017 
980 # # |a Trung tâm Học liệu Lê Vũ Hùng, Trường Đại học Đồng Tháp